000 00764nam a22002177a 4500
003 OSt
005 20260124085013.0
008 230612b ||||| |||| 00| 0 eng d
040 _cSSBUL
041 _ashan
082 _223
_a782.42
100 0 _aၼွင်ႉၼၢင်း၊
_cဢီႇ။
_925769
245 1 0 _aသဵင်ၵႂၢမ်း /
_cဢီႇၼွင်ႉၼၢင်း၊ ဢၢၺ်ႈၸၢၺ်း၊ ၶုၼ်ၸဝ်ႈ။
260 _aတႃႈၵုင်ႈ၊
_bၽဝၸႃႇပေႇတၢႆႉ၊
_c1969 ။
300 _a48 ၼႃႈ၊
_c14 ၸိၼ်ႇတီႇ။
500 _aS-SAT: Dr. Prof Sai Aung Tun
650 _aၵႂၢမ်းတႆး
_925770
942 _cBK
942 _2ddc
942 _2ddc
999 _c25661
_d25661